Perspectives Of Online Professional Foreign Language Learning In Polytechnic Universities; The Turkish Online Journal of Educational Technology (TOJET); Spec. iss. 1 (2015, July) : 15th International Educational Technology Conference - IETC 2015

Podrobná bibliografie
Parent link:The Turkish Online Journal of Educational Technology (TOJET).— , 2002-
Spec. iss. 1 (2015, July) : 15th International Educational Technology Conference - IETC 2015.— 2015.— [P. 447-450]
Hlavní autor: Volokitin R. L. Roman Leonidovich
Korporativní autor: Национальный исследовательский Томский политехнический университет (ТПУ) Институт социально-гуманитарных технологий (ИСГТ) Кафедра иностранных языков (ИЯСГТ)
Další autoři: Zeremskaya Yu. A. Yuliya Aleksandrovna, Nadezhdina E. Yu. Elena Yurjevna
Shrnutí:Title screen
This paper deals with the first steps of online courses implementation in higher education. Nowadays modern higher universities should be more flexible to be competitive. For this reason, higher education institutions face to online education platforms. In this paper the usage of an education platform called Coursera will be described. However, to choose the best education model suitable for your teaching materials several online education courses should be tested for students’ preparedness estimation. In this study several students of polytechnic universities are asked to choose one online course in English (the first foreign language) presented in Coursera according to their professional learning direction to examine if the students can complete the course successfully.
Jazyk:angličtina
Vydáno: 2015
Témata:
On-line přístup:http://www.tojet.net/special/2015_7_1.pdf#page=461
Médium: MixedMaterials Elektronický zdroj Kapitola
KOHA link:https://koha.lib.tpu.ru/cgi-bin/koha/opac-detail.pl?biblionumber=647453

MARC

LEADER 00000naa0a2200000 4500
001 647453
005 20250619143700.0
035 |a (RuTPU)RU\TPU\network\12593 
035 |a RU\TPU\network\10582 
090 |a 647453 
100 |a 20160411d2015 k||y0rusy50 ba 
101 0 |a eng 
102 |a TR 
135 |a drcn ---uucaa 
181 0 |a i  
182 0 |a b 
200 1 |a Perspectives Of Online Professional Foreign Language Learning In Polytechnic Universities  |f R. L. Volokitin, Yu. A. Zeremskaya, E. Yu. Nadezhdina 
203 |a Text  |c electronic 
300 |a Title screen 
320 |a [References: p. 450 (6 tit.)] 
330 |a This paper deals with the first steps of online courses implementation in higher education. Nowadays modern higher universities should be more flexible to be competitive. For this reason, higher education institutions face to online education platforms. In this paper the usage of an education platform called Coursera will be described. However, to choose the best education model suitable for your teaching materials several online education courses should be tested for students’ preparedness estimation. In this study several students of polytechnic universities are asked to choose one online course in English (the first foreign language) presented in Coursera according to their professional learning direction to examine if the students can complete the course successfully. 
461 1 |t The Turkish Online Journal of Educational Technology (TOJET)  |d 2002- 
463 1 |t Spec. iss. 1 (2015, July) : 15th International Educational Technology Conference - IETC 2015  |o Istanbul, Turkey, May 27-29, 2015  |v [P. 447-450]  |d 2015 
610 1 |a электронный ресурс 
610 1 |a труды учёных ТПУ 
700 1 |a Volokitin  |b R. L.  |g Roman Leonidovich 
701 1 |a Zeremskaya  |b Yu. A.  |c linguist  |c Associate Professor of Tomsk Polytechnic University, Candidate of philological sciences  |f 1980-  |g Yuliya Aleksandrovna  |3 (RuTPU)RU\TPU\pers\31966  |9 16026 
701 1 |a Nadezhdina  |b E. Yu.  |c linguist  |c associate Professor of Tomsk Polytechnic University, candidate of pedagogical Sciences  |f 1977-  |g Elena Yurjevna  |3 (RuTPU)RU\TPU\pers\37733 
712 0 2 |a Национальный исследовательский Томский политехнический университет (ТПУ)  |b Институт социально-гуманитарных технологий (ИСГТ)  |b Кафедра иностранных языков (ИЯСГТ)  |3 (RuTPU)RU\TPU\col\18376 
801 1 |a RU  |b 63413507  |c 20141010 
801 2 |a RU  |b 63413507  |c 20170111  |g RCR 
850 |a 63413507 
856 4 |u http://www.tojet.net/special/2015_7_1.pdf#page=461 
942 |c CF